Online
Catalog

La española : (Record no. 56642)

MARC details
000 -CABECERA
campo de control de longitud fija 01949nam a22003737i 4500
003 - IDENTIFICADOR DEL NÚMERO DE CONTROL
campo de control DO-SdBNP
005 - FECHA Y HORA DE LA ÚLTIMA TRANSACCIÓN
campo de control 20260517235524.0
007 - CAMPO FIJO DE DESCRIPCIÓN FÍSICA--INFORMACIÓN GENERAL
campo de control de longitud fija ta
008 - DATOS DE LONGITUD FIJA--INFORMACIÓN GENERAL
campo de control de longitud fija 240513b2009 dr abc|| |||| 00| 0 eng d
020 ## - NÚMERO INTERNACIONAL ESTÁNDAR DEL LIBRO
Número Internacional Estándar del Libro 9789945445060
040 ## - FUENTE DE LA CATALOGACIÓN
Centro catalogador/agencia de origen DO-SdBNP
Lengua de catalogación spa
Centro/agencia transcriptor BNPHU
Normas de descripción rda
041 ## - CÓDIGO DE LENGUA
Código de lengua del texto/banda sonora o título independiente spa
082 04 - NÚMERO DE LA CLASIFICACIÓN DECIMAL DEWEY
Número de clasificación 352.27294097293
Número de documento/Ítem A469e
Número de edición 23
100 1# - ENTRADA PRINCIPAL--NOMBRE DE PERSONA
Nombre de persona Altuna Tezanos, Carlos Rafael
Fechas asociadas al nombre 1960-
Término indicativo de función/relación autor
9 (RLIN) 85446
245 10 - MENCIÓN DE TÍTULO
Título La española :
Resto del título destino de dos culturas (inmigración haitiana y seguridad nacional) /
Mención de responsabilidad, etc. Carlos Rafael Altuna Tezanos ; prólogo Pelegrín H. Castillo Semán ; edición Sócrates Suazo Ruíz ; corrección José Galván.
264 #4 - PRODUCCIÓN, PUBLICACIÓN, DISTRIBUCIÓN, FABRICACIÓN Y COPYRIGHT
Producción, publicación, distribución, fabricación y copyright Santo Domingo, República Dominicana :
Nombre del de productor, editor, distribuidor, fabricante Edita Libros, Editores Impresores,
Fecha de producción, publicación, distribución, fabricación o copyright ©2009
300 ## - DESCRIPCIÓN FÍSICA
Extensión xviii, 251 páginas :
Otras características físicas ilustraciones, mapas, retratos ;
Dimensiones 22 cm
336 ## - TIPO DE CONTENIDO
Término de tipo de contenido sin mediación
Código de tipo de contenido n
Fuente rdacontent
337 ## - TIPO DE MEDIO
Nombre/término del tipo de medio sin mediación
Código del tipo de medio n
Fuente rdamedia
338 ## - TIPO DE SOPORTE
Nombre/término del tipo de soporte volumen
Código del tipo de soporte nc
Fuente rdacarrier
500 ## - NOTA GENERAL
Nota general Incluye datos biográficos de la autor en las solapas
500 ## - NOTA GENERAL
Nota general Incluye referencias bibliográficas y notas al pie de las páginas
504 ## - NOTA DE BIBLIOGRAFÍA, ETC.
Nota de bibliografía, etc. Bibliografía : p. 249-251
505 0# - NOTA DE CONTENIDO CON FORMATO
Nota de contenido con formato Prólogo -- Introducción -- La Española: génesis de dos naciones -- Seguridad transnacional y supervivencia del estado -- Frontera: desafío al sistema de vigilancia de Haití -- Efectos de la inmigración haitiana en la República Dominicana -- Reflexiones -- Apéndice .
590 ## - NOTA LOCAL (RLIN)
Nota local Inventariado, 2024 /LP
651 #4 - PUNTO DE ACCESO ADICIONAL DE MATERIA--NOMBRE GEOGRÁFICO
Nombre geográfico Isla Española (Haití y República Dominicana)
Subdivisión general Historia
9 (RLIN) 38883
651 #7 - PUNTO DE ACCESO ADICIONAL DE MATERIA--NOMBRE GEOGRÁFICO
Fuente del encabezamiento o término Lemb
Nombre geográfico Haití
Subdivisión general Emigración e inmigración
Subdivisión geográfica República Dominicana
9 (RLIN) 5922
651 #4 - PUNTO DE ACCESO ADICIONAL DE MATERIA--NOMBRE GEOGRÁFICO
Nombre geográfico Isla Española (Haití y República Dominicana)
Subdivisión general Condiciones sociales
9 (RLIN) 85448
700 1# - PUNTO DE ACCESO ADICIONAL--NOMBRE DE PERSONA
Nombre de persona Castillo Semán, Pelegrín H.
Término indicativo de función/relación prologuista
Código de función/relación pr.
9 (RLIN) 85440
700 1# - PUNTO DE ACCESO ADICIONAL--NOMBRE DE PERSONA
Nombre de persona Suazo Ruíz, Sócrates,
Término indicativo de función/relación edición
9 (RLIN) 10239
700 1# - PUNTO DE ACCESO ADICIONAL--NOMBRE DE PERSONA
Nombre de persona Galván, José,
Término indicativo de función/relación corrección
9 (RLIN) 22673
910 ## - DATOS DE OPCIÓN DEL USUARIO (OCLC)
Datos de opción del usuario lpérez
942 ## - ELEMENTOS DE PUNTO DE ACCESO ADICIONAL (KOHA)
Fuente del sistema de clasificación o colocación Dewey Decimal Classification
Tipo de ítem Koha Libro
Edición 23
Holdings
Estado de retiro Estado de pérdida Fuente del sistema de clasificación o colocación No para préstamo Código de colección Localización permanente Ubicación/localización actual Ubicación en estantería Fecha de adquisición Fuente de adquisición Total de préstamos Signatura topográfica completa Código de barras Fecha visto por última vez Precio válido a partir de Tipo de ítem Koha
    Dewey Decimal Classification   Patrimonio Dominicano Biblioteca Nacional Pedro Henríquez Ureña Biblioteca Nacional Pedro Henríquez Ureña Depósito 13.05.2024 Donado por Emilio Cordero Michel   BNPHU PD 325.27294097293 A469e 2024-2908 13.05.2024 13.05.2024 Libro

Powered by Koha